=LDR 00000nam 2200000 4500 =001 INLIS000000000022123 =005 20200623085734 =035 ##$$a 0010-061300000022123 =008 200623################g##########0#ind## =041 ##$$a Ind =082 ##$$a 2x5.22 =090 ##$$a 2x5.22, Muh k =100 ##$$a Muhaiyaddeen, M. Rahim Bawa =245 1#$$a Kebun ma'rifat : $b jil.3 /$c M. Rahim Bawa Muhaiyaddeen =260 ##$$a Surabaya :$b Syafaat,$c 2002. =300 ##$$a 233 hlm, : $b ilus. ; $c 18 X 12 cm. =650 #4$$a Kisah-Ajaran Sufi =850 ##$$a NBPNMAT =020 ##$$a 979-556-122-7 =084 ##$$a 2x5.22 MUH k =500 ##$$a Judul asli :Come to the secret garden =990 ##$$a 10310491 =990 ##$$a 10310489 =990 ##$$a 10310499 =990 ##$$a 10310497